000 00309 a2200133 4500
005 20250628090158.0
020 _a0070125732
082 _a001.64 O'LE
100 _aO'LEARY,T.
245 _aMicrosoft Power Point
260 _aNew York
_bMc Graw Hill,
_c1998
300 _a124p.
_bIndex
_c25cm.
942 _2ddc
_cBKS
999 _c5914
_d5914